000 00667nam a2200205Ii 4500
003 JO-AjNU
008 230605s9999||||xx |||||||||||||| ||und||
017 _a1970/3405
040 _aJO-AjNU
_bara
_erda
_cJO-AjNU
041 _aara
050 1 4 _aQH431 1971
100 3 _aدويجانسكي ، ثيودوسيوس,
_eauthor
_916984
245 0 0 _aالوراثة وطبيعة الانسان
264 3 1 _aالقاهرة:الهيئةالمصرية العامه للكتاب ، 1971
300 _a182ص
336 _atext
_btxt
_2rdacontent
337 _aunmediated
_bn
_2rdamedia
338 _avolume
_bnc
_2rdacarrier
650 4 _aالانسان-الوراثة
_916985
999 _aA5152
_c8720
_d8720